000 00368 a2200169 4500
001 191867
020 _a789-12-100-1060-5
040 _cMagnum
100 _aIrmãos Grimm
240 1 0 _aJoão e o pé de feijão
_lpor
245 1 0 _aJoão e o pé de feijão
300 _a16
362 0 _a2010
440 1 _aPaulus
697 _aLITERATURA INFANTIL
942 _cBK
999 _c191867
_d191867